00424 2200157 4500001002100000008004100021035002000062245004500082100002200127260003700149300002000186082001400206650002000220990001300240990001300253INLIS000000000000094 ind  a0010-0322000094 aNAMI SAKIT CACAR : SERI ANAK SEHATcIKHA aANIES LISTYYOWATI aJAKARTAbERLANGGA FOR KIDSc2012 a20 hlm.c22 cm. a899.221 3 aFIKSI INDONESIA a102284-1 a102284-2